[Event "Ulm/Neu Ulm-ch"]
[Site "Ulm/Neu Ulm"]
[Date "2017.10.20"]
[Round "3"]
[White "Gnandt, Michael"]
[Black "Spaeth, Gerhard"]
[Result "0-1"]
[WhiteElo "1304"]
[BlackElo "1581"]
[PlyCount "48"]
[EventDate "2017.09.22"]
[EventType "swiss"]
[EventRounds "7"]
[EventCountry "GER"]
[SourceTitle "EXT 2019"]
[Source "ChessBase"]
[SourceDate "2018.10.10"]
[SourceVersion "1"]
[SourceVersionDate "2018.10.10"]
[SourceQuality "1"]

1. e4 e5 2. Bc4 Nf6 3. d3 Nc6 4. Nf3 Bc5 5. 0-0 d6 6. Nc3 Bg4 7. Be3 Nd4 8. Bxd4 Bxd4 9. Rb1 0-0 10. Nb5 Bb6 11. c3 c6 12. Na3 d5 13. exd5 cxd5 14. Bb3 Rc8 15. Re1 Re8 16. Bc2 Bc5 17. d4 exd4 18. cxd4 Rxe1+ 19. Qxe1 Bxa3 20. Bxh7+ Nxh7 21. bxa3 Bxf3 22. gxf3 b6 23. Qe3 Ng5 24. Re1 Ne6 0-1

[Event "Ulm/Neu Ulm-ch"]
[Site "Ulm/Neu Ulm"]
[Date "2009.10.02"]
[Round "2"]
[White "Spaeth, Gerhard"]
[Black "Huppertz, Anton"]
[Result "1-0"]
[WhiteElo "1683"]
[BlackElo "1349"]
[PlyCount "61"]
[EventDate "2009.09.18"]
[EventType "swiss"]
[EventRounds "5"]
[EventCountry "GER"]
[SourceTitle "EXT 2011"]
[Source "ChessBase"]
[SourceDate "2010.11.26"]
[SourceVersion "1"]
[SourceVersionDate "2010.11.26"]
[SourceQuality "1"]

1. e4 c5 2. Nf3 Nc6 3. d4 cxd4 4. Nxd4 e5 5. Nb5 d6 6. N1c3 a6 7. Na3 Nf6 8. Bg5 Be7 9. Bxf6 Bxf6 10. Nd5 b5 11. c3 0-0 12. Nc2 Bg5 13. Bd3 Be6 14. Nce3 Bxe3 15. Nxe3 Ne7 16. 0-0 Rc8 17. a4 Bc4 18. Qe2 Bxd3 19. Qxd3 Qb6 20. axb5 axb5 21. Rfd1 Rfd8 22. Nc2 d5 23. exd5 Rxd5 24. Qe4 f5 25. Qb4 Rxd1+ 26. Rxd1 Rd8 27. Re1 Rd2 28. Ne3 Nd5 29. Qb3 Qd8 30. Rd1 Rxd1+ 31. Qxd1 1-0

[Event "Ulm/Neu Ulm-ch"]
[Site "Ulm/Neu Ulm"]
[Date "2009.09.18"]
[Round "1"]
[White "Krassowizkij, Jaroslaw"]
[Black "Spaeth, Gerhard"]
[Result "1-0"]
[WhiteElo "2110"]
[BlackElo "1683"]
[PlyCount "61"]
[EventDate "2009.09.18"]
[EventType "swiss"]
[EventRounds "5"]
[EventCountry "GER"]
[SourceTitle "EXT 2011"]
[Source "ChessBase"]
[SourceDate "2010.11.26"]
[SourceVersion "1"]
[SourceVersionDate "2010.11.26"]
[SourceQuality "1"]

1. e4 e5 2. Nf3 Nc6 3. Bb5 a6 4. Ba4 b5 5. Bb3 d6 6. a4 Bb7 7. d3 Be7 8. Nc3 b4 9. Nd5 Nf6 10. a5 Rb8 11. 0-0 0-0 12. Bd2 Bc8 13. h3 h6 14. Qe1 Nh5 15. Nxb4 Nxb4 16. Bxb4 Nf4 17. Bd2 Nxd3 18. Qe2 Nc5 19. Bc4 Rxb2 20. Be3 Ne6 21. Bxa6 Bxa6 22. Qxa6 Rxc2 23. Rfb1 Qa8 24. Qd3 Qc6 25. a6 Ra8 26. a7 Kh7 27. Rb8 Nf4 28. Bxf4 exf4 29. Rxa8 Rc3 30. Rh8+ Kxh8 31. a8Q+ 1-0

[Event "Ulm/Neu Ulm-ch"]
[Site "Ulm/Neu Ulm"]
[Date "2008.09.26"]
[Round "2"]
[White "Spaeth, Gerhard"]
[Black "Lepschi, Albert"]
[Result "0-1"]
[WhiteElo "1643"]
[BlackElo "1674"]
[PlyCount "174"]
[EventDate "2008.09.19"]
[EventType "swiss"]
[EventRounds "7"]
[EventCountry "GER"]
[SourceTitle "EXT 2011"]
[Source "ChessBase"]
[SourceDate "2010.11.26"]
[SourceVersion "1"]
[SourceVersionDate "2010.11.26"]
[SourceQuality "1"]

1. e4 c6 2. d4 d5 3. Nc3 dxe4 4. Nxe4 Nd7 5. Nf3 Ngf6 6. Nxf6+ Nxf6 7. c3 Bg4 8. Be2 e6 9. Ne5 Bxe2 10. Qxe2 Be7 11. Bg5 0-0 12. 0-0 Nd5 13. Bxe7 Qxe7 14. f4 Rad8 15. Rae1 Qc7 16. f5 exf5 17. Rxf5 f6 18. Nd3 Rde8 19. Qd2 Rxe1+ 20. Qxe1 Qd7 21. Rf1 Re8 22. Qg3 Ne3 23. Rxf6 Qd5 24. Rf2 Qxa2 25. h3 Qb1+ 26. Kh2 Qxd3 27. Qf4 Qg6 28. Qc7 Nd5 29. Qxb7 Qd6+ 30. g3 Qc7 31. Qb3 Re3 32. Rg2 Kh8 33. Qd1 h6 34. Qg4 Nf6 35. Qg6 Qe7 36. Qf5 Re2 37. Qc8+ Qe8 38. Qa6 Rxg2+ 39. Kxg2 Qe4+ 40. Kf2 Qf5+ 41. Kg2 Qc2+ 42. Kf3 Qxb2 43. Qc8+ Kh7 44. Qf5+ Kg8 45. Qc8+ Kf7 46. Qxc6 Qb3 47. Kf4 Qxc3 48. Qb7+ Kg6 49. Qxa7 Nh5+ 50. Ke5 Qxg3+ 51. Kd5 Nf6+ 52. Kc6 Qxh3 53. Qa1 Qe6+ 54. Kc5 Nd7+ 55. Kb4 Qd6+ 56. Kc3 Nf6 57. Qb1+ Kf7 58. Qb3+ Nd5+ 59. Kd2 Qb4+ 60. Qxb4 Nxb4 61. Ke3 Kf6 62. Kf4 Ke6 63. Kf3 Kd5 64. Ke3 Nc6 65. Kf4 Nxd4 66. Kg4 Ke4 67. Kh5 Kf5 68. Kh4 Ne6 69. Kg3 g5 70. Kf3 Nd4+ 71. Kg2 Kf4 72. Kg1 Kf3 73. Kf1 Nf5 74. Kg1 Ke2 75. Kg2 g4 76. Kg1 h5 77. Kg2 Ke3 78. Kf1 Kf3 79. Ke1 g3 80. Kd2 g2 81. Kc3 g1Q 82. Kc4 Qd4+ 83. Kb5 Qc3 84. Kb6 Qc4 85. Kb7 Qc5 86. Kb8 Qe7 87. Kc8 Nd6+ 0-1

[Event "Regionalliga SW 0102"]
[Site "Bayern"]
[Date "2002.02.03"]
[Round "5.7"]
[White "Spaeth, Gerhard"]
[Black "Kwan, Michael"]
[Result "0-1"]
[WhiteElo "1685"]
[BlackElo "2060"]
[PlyCount "60"]
[EventDate "2001.10.07"]
[EventType "team"]
[EventRounds "9"]
[EventCountry "GER"]
[SourceTitle "EXT 2003"]
[Source "ChessBase"]
[SourceDate "2002.11.25"]
[SourceVersion "1"]
[SourceVersionDate "2002.11.25"]
[SourceQuality "1"]
[WhiteTeam "Burlafingen"]
[BlackTeam "Pasing II"]
[WhiteTeamCountry "GER"]
[BlackTeamCountry "GER"]

1. e4 c5 2. Nf3 Nc6 3. d4 cxd4 4. Nxd4 Qb6 5. Nb3 Nf6 6. Nc3 e6 7. Be3 Qc7 8. a3 Be7 9. f3 0-0 10. Qd2 a6 11. 0-0-0 d6 12. h4 b5 13. Bxb5 axb5 14. Nxb5 Qb8 15. Nxd6 Rd8 16. Bc5 Ba6 17. Rhe1 Nd7 18. Bf2 Nde5 19. Qc3 Bxd6 20. f4 Nc4 21. e5 Be7 22. Bc5 Qb5 23. Bxe7 Nxe7 24. Nd4 Qb6 25. Nb3 Rxd1+ 26. Kxd1 Nd5 27. Qg3 Nxb2+ 28. Kc1 Nd3+ 29. cxd3 Qxb3 30. Rd1 Qc3+ 0-1